000
00170 a2200097 4500
001
11770
100
_a
Pounds, N.
245
_a
260
_a
_b
_c
090
_c
9026
_d
9026
942
_a
NUST-CAE
_c
_c
35852
999
_c
246843
_d
246843